=LDR 00000nam 2200000 4500 =001 INLIS000000000013694 =005 20130612105039 =008 ***********************************Ind** =035 ##$$0010-061300000013694 =041 ##$$a Ind =082 ##$$a R.339.401 604 =090 ##$$a R.339.401 604, Ind i =260 ##$$a 2002 $b Jakarta =300 ##$$a 223 hlm, 21 cm =650 ##$$a Konsumen - Indeks harga =850 ##$$a NBPNMAT